Central Library OPAC University of Rajshahi

An introduction to digital computing / (Record no. 67006)

MARC details
000 -LEADER
fixed length control field 00834nam a2200241 a 4500
001 - CONTROL NUMBER
control field 67006
003 - CONTROL NUMBER IDENTIFIER
rucl marc code BD-RjUL
005 - DATE AND TIME OF LATEST TRANSACTION
control field 20211209081615.0
008 - FIXED-LENGTH DATA ELEMENTS--GENERAL INFORMATION
fixed length control field 730220s1963 maua b 001 0 eng
035 ## - SYSTEM CONTROL NUMBER
System control number (BD-RjUL)67137
040 ## - CATALOGING SOURCE
Original cataloging agency DLC
Transcribing agency DLC
Modifying agency ICU
-- DLC
-- BD-RjUL
Language of cataloging eng
041 ## - LANGUAGE CODE
Language code of text/sound track or separate title eng
082 00 - DEWEY DECIMAL CLASSIFICATION NUMBER
Edition number 23
Classification number 005.131
Author mark and year ARI 1963
100 1# - MAIN ENTRY--PERSONAL NAME
Personal name Arden, Bruce W.
9 (RLIN) 198420
245 14 - TITLE STATEMENT
Title An introduction to digital computing /
Statement of responsibility, etc. Bruce W. Arden
260 ## - PUBLICATION, DISTRIBUTION, ETC. (IMPRINT)
Place of publication, distribution, etc. Reading, Mass. :
Name of publisher, distributor, etc. Addison-Wesley Pub. Co.
Date of publication, distribution, etc. [1963]
300 ## - PHYSICAL DESCRIPTION
Pagination 389 p. :
Illustrations ill. ;
Size 24 cm.
504 ## - BIBLIOGRAPHY, ETC. NOTE
Bibliography, etc Includes bibliography and index
650 #0 - SUBJECT ADDED ENTRY--TOPICAL TERM
Topical term or geographic name as entry element Computer programming
9 (RLIN) 198422
830 ## - SERIES ADDED ENTRY--UNIFORM TITLE
Uniform title Addison-Wesley series in computer science and information processing
942 ## - ADDED ENTRY ELEMENTS (KOHA)
Source of classification or shelving scheme Dewey Decimal Classification
Koha item type Books
Holdings
Lost status Source of classification or shelving scheme Damaged status Not for loan Collection code Permanent Location Current Location Shelving location Date acquired Source of acquisition Cost, normal purchase price Total Checkouts Full call number Date last seen Copy number Koha item type
  Dewey Decimal Classification   Not For Loan Non-fiction Central Library, University of Rajshahi Central Library, University of Rajshahi Reading Room 13/11/1963 Zeitliner. 66.00   005.131 ARI 1963 21/03/2017 C-1 Books